| 000 | 01737nam a2200325 a 4500 | ||
|---|---|---|---|
| 001 | 000021890 | ||
| 003 | 000021890 | ||
| 005 | 20230215103405.0 | ||
| 008 | 100914s2017 dr 000 0 spa d | ||
| 020 | _a9789945503050 | ||
| 040 |
_aBPMSU _bspa _cBPMSU |
||
| 082 |
_a972.93 _bG216d 2017 _2 22 |
||
| 100 | 1 |
_aGarcía Godoy, Federico, _d1857-1924 |
|
| 245 | 1 | 3 |
_aEl derrumbe / _cFederico García Godoy ; prólogo de Pura Emeterio Rondón |
| 260 |
_aSanto Domingo : _bMinisterio de Cultura, _c2017 |
||
| 300 |
_a185 p. ; _c20 cm. |
||
| 490 | 1 |
_aBiblioteca dominicana básica _aEnsayo _v1 |
|
| 490 | 1 |
_aHistoria y Sociedad _v16 |
|
| 500 | _3Incluye datos biográficos del autor en la solapa de la cubierta | ||
| 505 | _aPresentación página, -- El derrumbe de Federico García Godoy, Jaime Domínguez -- Prólogo, Juan Bosch, -- Historia de un libro -- El derrumbe -- Frontis -- Deficiencias del medio -- Reformas -- Actuación histórica -- Ramón Cáceres -- La Convención -- Previsiones patrióticas (La sociedad nacionalista "Patria") -- La Victoria -- Monseñor Nouel -- José Bordas Valdés -- El Plan Wilson -- La Escisión -- Patriotismo y patriotas -- La invasión -- Punto final -- Publicaciones de la Comisión Permanente de Efemérides Patrias 2004-2010. | ||
| 590 | _6Inventariado, 2021/VM | ||
| 651 | 4 |
_aRepública Dominicana _xHistoria _y1844 1930. |
|
| 651 | 4 |
_aRepública Dominicana _xHistoria _yOcupación Norteamericana, 1916-1924 |
|
| 700 | 1 |
_aEmeterio Rondón, Pura _epról. |
|
| 710 | 2 | _a Ministerio de Cultura (República Dominicana) | |
| 910 | _aVMateo V./Validado control de calidad | ||
| 942 |
_2ddc _cBK |
||
| 945 | _aInventariado / 2017 VM | ||
| 956 |
_aVMATEO _b10 _c20110329 _lBPMSU _h0069 |
||
| 999 |
_c13435 _d13435 |
||